France - Les hôtels mythiques - Statistiques

Statistiques générales
  • Ce quiz a été pris 63 fois
  • Le résultat moyen est 3 sur 16
Statistiques - réponses
Par images Hint Réponse % Correct
Paris Le {Ritz}
89%
Nice Hôtel {Negresco}
55%
Cannes Hôtel {Martinez}
42%
Cabourg {Grand} hôtel
29%
Antibes Hôtel {du Cap}
24%
Deauville Le {Normandy}
24%
Biarritz Hôtel {du Palais}
21%
Paris Hôtel {Royal-Monceau}
18%
Versailles {Trianon} Palace
16%
Marseille Hôtel {Le Corbusier}
5%
Chamonix Grand hôtel {du Montenvers}
2%
Le Touquet Hôtel {Westminster}
2%
Paris Hôtel {Intercontinenal}
0%
Paris Hôtel {Molitor]
0%
Arles Hôtel {Nord-Pinus}
0%
Saint-Paul-de-Vence La {colombe d'or}
0%
Aucun quiz correspondant
Distribution des résultats
% des personnes avec chaque résultat
Percentile par nombre de réponses
Votre historique - résultats
Vous n’avez pas pris ce quiz